| 000 | 00949nam a2200253 i 4500 | ||
|---|---|---|---|
| 001 | 163557 | ||
| 003 | ES-MaACL | ||
| 005 | 20250816083405.0 | ||
| 008 | 050714s1886 mx | |||||||| ||spa d | ||
| 040 |
_bspa _cES-MaACL |
||
| 080 | _a27-282.4 | ||
| 100 | 1 |
_aRipalda, Jerónimo de, _d1536-1618 _eaut _9223864 |
|
| 245 | 1 | 0 |
_aCatecismo de la doctrina cristiana / _cpor el padre Gerónimo de Ripalda ; traducida al idioma mejicano por Miguel Trinidad Palma. |
| 260 |
_aPuebla : _b[s.n.], _c1886 _f(Imprenta de M. Corona) |
||
| 300 |
_a114 páginas ; _c14 cm. |
||
| 500 | _aEl idioma mejicano es la lengua nahuatl | ||
| 655 | 7 |
_9234608 _aCatecismos |
|
| 700 | 1 |
_aPalma, Miguel Trinidad _etrl _9130801 |
|
| 752 |
_aMéxico - _dPuebla |
||
| 852 |
_aES-MaACL _cDEPO2 _fSello de Francisco Orozco y Jiménez, obispo de Chiapas _jG-1374 _xCartoné |
||
| 942 |
_cMONANT _n0 |
||
| 999 |
_c163557 _d163557 |
||